000 00367pam a2200109a 44500
008 230405s1900 xxu||||| |||| 00| 0 eng d
041 _aMAR
100 _aडॉ महाजन मुंकुद आणि पवार सा
245 _aअर्थशास्त्र 11 वी
260 _a
_bनरेंद्र प्रकाशन
_c1900
906 _a7128
999 _c298471
_d298471